Stratégie prispôsobiteľnej architektúry

Salvato in:
Dettagli Bibliografici
Autore principale: Lüley, Marek (Autore)
Altri autori: Pifko, Henrich (Relatore della tesi)
Natura: Manoscritto Libro
Lingua:slovacco
Pubblicazione: Bratislava 2023
Soggetti:
Accesso online:http://is.stuba.sk/zp/portal_zp.pl?podrobnosti=145645
Tags: Aggiungi Tag
Nessun Tag, puoi essere il primo ad aggiungerne!!

MARC

LEADER 00000ntm a22000003a 4500
001 stuzp66107
003 SK-STU
005 20240112105609.5
007 ta
008 150427s2015----xo-----f-mn---000-0-slo-d
040 |a STU  |b slo 
041 0 |a slo 
044 |a xo 
100 1 |a Lüley, Marek  |u 052120  |k Z3  |4 aut  |U FAD Fakulta architektúry a dizajnu  |T FAD Ústav ekologickej a experimentálnej architektúry  |X 93579  |U A2120  |Y 393  |7 93579 
242 0 1 |a Strategies for Adaptable Architecture  |y eng 
245 1 0 |a Stratégie prispôsobiteľnej architektúry 
260 |c 2023  |a Bratislava 
650 4 |a zabudovaná energia  |2 slo 
650 4 |a nelineárne stratégie  |2 slo 
650 4 |a spätná väzba  |2 slo 
650 4 |a udržateľnosť  |2 slo 
650 4 |a prispôsobiteľnosť  |2 slo 
650 4 |a flexibilita  |2 slo 
650 4 |a polyvalencia  |2 slo 
650 4 |a životný cyklus budovy  |2 slo 
650 4 |a adaptability  |2 eng 
650 4 |a flexibility  |2 eng 
650 4 |a polyvalency  |2 eng 
650 4 |a building life cycle  |2 eng 
650 4 |a embodied energy  |2 eng 
650 4 |a feedback  |2 eng 
650 4 |a sustainability  |2 eng 
650 4 |a non-linear stratiegies  |2 eng 
700 1 |a Pifko, Henrich  |u 052120  |k Z1  |4 ths  |U FAD Fakulta architektúry a dizajnu  |T FAD Ústav ekologickej a experimentálnej architektúry  |X 449  |U A2120  |Y 393  |7 A000000449 
856 4 |u http://is.stuba.sk/zp/portal_zp.pl?podrobnosti=145645 
996 |b 284AU09878  |c A* 13247/V  |l AAKNST  |s P  |a 0  |w stuzp66107_0001